01075nam a22003137a 4500003000900000005001700009007000300026008003400029020001500063040003000078082002700108100003400135245005700169260001000226264007700236300004700313336002700360337003500387338003000422490001300452590002600465650002200491650002400513700003000537910004100567942001200608952012400620999001700744DO-SdBPM20260514105705.0ta161031b2006 xx a 00| 0 spa d a0765276461 aDO-SdBPMbspacBPMSUerda04a307.76bC649m 20062221 aClyne, Margareteautora4aut.10aMirando ciudades /cMargaret Clyne, Rachel Griffiths a b  aEstados Unidos : bCelebration Press, bPearson Learning Group , c2006. a8 páginas : bilustración ; c25 cm.  atextobtxt2rdacontent asin mediación bn2rdamedia  avolumen bnc2rdacarrier 0 aiOpeners aInventariado, 2026/VM 7aDesarrollo urbano 7aSociología urbana1 aGriffiths, Racheleautora aVMateo V. Control de calidad. BPMSU  2ddccBK 00102ddc708CI-GaBPMETbBPMETd2017-10-13l0oBPMSU CGI 307.76 C649m 2006pBPMSU17100017r2017-10-13w2017-10-13yBK c12608d12608